Normal view
MARC view
- Technology.
Entry Topical Term
001 - CONTROL NUMBER
- control field: 39259
003 - CONTROL NUMBER IDENTIFIER
- control field: OSt
005 - DATE AND TIME OF LATEST TRANSACTION
- control field: 20190817135032.0
008 - FIXED-LENGTH DATA ELEMENTS
- fixed length control field: 190817|| aca||aabn | a|a d
040 ## - CATALOGING SOURCE
- Original cataloging agency: OSt
- Transcribing agency: OSt
150 ## - HEADING--TOPICAL TERM
- Topical term or geographic name entry element: Technology.
670 ## - SOURCE DATA FOUND
- Source citation: Work cat.: (OSt): Pullen, John Patrick. 39258, How to talk to our technology is parenting's next great dilemma/, c2016.
